000 00661nam a22002297a 4500
003 UA-OsUOA
001 36438
007 ta
008 20060925b un ||||| |||| 00| 0 ukr d
090 _a011/016
_bР41
942 _cBK
040 _aUA-OsUOA
_bukr
_cUA-OsUOA
_dUA-OsUOA
245 _aРепертуар Української Книги 1798 - 1916
_bМатеріали до бібліографії
_nТ.5
300 _a413 с.
955 _a1
041 _aukr
080 _a011/016
020 _a966-02-1433-2
260 _aЛьвів
_c2001
650 7 _a01 Бібліографія і бібліографії. Каталоги
_2UDC
999 _c434942
_d434942